• 首页
  • 本馆介绍
  • 公告通知
  • 最新文献
  • 馆藏检索
  • 电子资源
  • 读者导购
  • 参考咨询
  • 我的图书馆
  • 登录
  • 详细信息显示
  • 放入我的书架
  • 预约/预借图书
  • 作者相关作品
  • 分类相关作品
  • 丛书相关作品
  • 出版社相关作品

书目信息

  • 表格格式
  • 工作单格式
  • 卡片格式
题名:
社会心理学
    
 
作者: 陈纪方 编著
分册:  
出版信息: 郑州   河南人民出版社  1986
页数: 421页
开本: 20cm
丛书名:
单 册:
中图分类: C912.6 , B849
科图分类:
主题词: 社会心理学 , 应用心理学
电子资源:
ISBN:
000 00603nam0 2200241 450
001 1541715072
005 20150126113547.95
010    @dCNY2.80
091    @a7105.453
100    @a19960215d1986 em y0chiy0110 ea
101 0  @achi
102    @aCN@b410000
105    @ay z 000yy
200 1  @a社会心理学@9she hui xin li xue@f陈纪方编著
210    @a郑州@c河南人民出版社@d1986
215    @a421页@d20cm
606 0  @a社会心理学
606 0  @a应用心理学
690    @aC912.6@v5
690    @aB849@v4
701  0 @a陈纪方@9chen ji fang@4编著
801  0 @aCN@bTSSF@c20150126
905    @aZUCC@dB849@eJY31
    
    社会心理学/陈纪方编著.-郑州:河南人民出版社,1986
    421页;20cm
    
    
    ISBN :CNY2.80
    
●
相关链接 在E读中查询图书 在五车中查询图书 在当当中查询图书 在豆瓣中查询图书


正题名:社会心理学     索取号:B849/JY31         预约/预借

序号 登录号 条形码 馆藏地/架位号 状态 备注
1 7860099   278600998   学院路分馆/ [索取号:B849/JY31] 在馆    
2 7860100   278601005   学院路分馆/ [索取号:B849/JY31] 在馆    
3 7860101   278601014   学院路分馆/ [索取号:B849/JY31] 在馆    
4 7860102   278601023   学院路分馆/ [索取号:B849/JY31] 在馆    
唐山师范学院图书馆 欢迎您!
大连网信软件有限公司© 版权所有